<?xml version="1.0" encoding="UTF-8"?>
<record
    xmlns:xsi="http://www.w3.org/2001/XMLSchema-instance"
    xsi:schemaLocation="http://www.loc.gov/MARC21/slim http://www.loc.gov/standards/marcxml/schema/MARC21slim.xsd"
    xmlns="http://www.loc.gov/MARC21/slim">

  <leader>01035nam a22002537a 4500</leader>
  <controlfield tag="005">20170124103059.0</controlfield>
  <datafield tag="010" ind1=" " ind2=" ">
    <subfield code="a">B-158107</subfield>
  </datafield>
  <datafield tag="020" ind1=" " ind2=" ">
    <subfield code="c">200.00</subfield>
    <subfield code="a">8187775114</subfield>
  </datafield>
  <datafield tag="035" ind1=" " ind2=" ">
    <subfield code="a">B-158107</subfield>
  </datafield>
  <datafield tag="037" ind1=" " ind2=" ">
    <subfield code="b">Cen Lib/Ret</subfield>
  </datafield>
  <datafield tag="040" ind1=" " ind2=" ">
    <subfield code="a">DPL</subfield>
    <subfield code="b">HN</subfield>
  </datafield>
  <datafield tag="082" ind1=" " ind2=" ">
    <subfield code="a">920</subfield>
    <subfield code="b">&#x935;&#x93F;&#x926;&#x94D;&#x92F;&#x93E;</subfield>
  </datafield>
  <datafield tag="100" ind1=" " ind2=" ">
    <subfield code="a">&#x935;&#x93F;&#x926;&#x94D;&#x92F;&#x93E;&#x92A;&#x94D;&#x930;&#x915;&#x93E;&#x936; </subfield>
    <subfield code="9">76116</subfield>
  </datafield>
  <datafield tag="245" ind1=" " ind2=" ">
    <subfield code="a">&#x926;&#x947;&#x936; &#x91C;&#x93F;&#x928;&#x915;&#x93E; &#x90B;&#x923;&#x940; &#x939;&#x948; /</subfield>
    <subfield code="c">&#x935;&#x93F;&#x926;&#x94D;&#x92F;&#x93E;&#x92A;&#x94D;&#x930;&#x915;&#x93E;&#x936; </subfield>
  </datafield>
  <datafield tag="246" ind1=" " ind2=" ">
    <subfield code="a">Desh jinka rini hai /</subfield>
    <subfield code="b">by vidyaprakash </subfield>
  </datafield>
  <datafield tag="260" ind1=" " ind2=" ">
    <subfield code="a">&#x926;&#x93F;&#x932;&#x94D;&#x932;&#x940; </subfield>
    <subfield code="b">&#x906;&#x915;&#x93E;&#x936;&#x926;&#x940;&#x92A; &#x92A;&#x92C;&#x94D;&#x932;&#x93F;&#x915;&#x947;&#x936;&#x928;&#x94D;&#x938; </subfield>
    <subfield code="c">2005</subfield>
  </datafield>
  <datafield tag="270" ind1=" " ind2=" ">
    <subfield code="b">&#x926;&#x93F;&#x932;&#x94D;&#x932;&#x940; </subfield>
    <subfield code="a">1/1073-&#x921;&#x940;, &#x92E;&#x939;&#x930;&#x94C;&#x932;&#x940; </subfield>
    <subfield code="e">110030</subfield>
  </datafield>
  <datafield tag="300" ind1=" " ind2=" ">
    <subfield code="a">191&#x92A;&#x943;. :</subfield>
    <subfield code="c">20&#x938;&#x947;&#x92E;&#x940;(&#x938;&#x91C;&#x93F;&#x932;&#x94D;&#x926;)</subfield>
    <subfield code="b">&#x938;&#x91A;&#x93F;&#x924;&#x94D;&#x930; </subfield>
  </datafield>
  <datafield tag="650" ind1=" " ind2=" ">
    <subfield code="a">&#x939;&#x93F;&#x928;&#x94D;&#x926;&#x940; &#x938;&#x93E;&#x939;&#x93F;&#x924;&#x94D;&#x92F; </subfield>
    <subfield code="9">76117</subfield>
  </datafield>
  <datafield tag="650" ind1=" " ind2=" ">
    <subfield code="a">&#x939;&#x93F;&#x928;&#x94D;&#x926;&#x940; -- &#x91C;&#x940;&#x935;&#x928;&#x93F;&#x92F;&#x93E;&#x901; </subfield>
    <subfield code="9">76118</subfield>
  </datafield>
  <datafield tag="650" ind1=" " ind2=" ">
    <subfield code="a">Hindi literature</subfield>
    <subfield code="9">76119</subfield>
  </datafield>
  <datafield tag="650" ind1=" " ind2=" ">
    <subfield code="a">Hindi - Biographies</subfield>
    <subfield code="9">76120</subfield>
  </datafield>
  <datafield tag="942" ind1=" " ind2=" ">
    <subfield code="2">ddc</subfield>
    <subfield code="c">HN</subfield>
    <subfield code="h">920</subfield>
    <subfield code="m">&#x935;&#x93F;&#x926;&#x94D;&#x92F;&#x93E;</subfield>
  </datafield>
  <datafield tag="999" ind1=" " ind2=" ">
    <subfield code="c">117659</subfield>
    <subfield code="d">117659</subfield>
  </datafield>
  <datafield tag="952" ind1=" " ind2=" ">
    <subfield code="0">0</subfield>
    <subfield code="1">0</subfield>
    <subfield code="4">0</subfield>
    <subfield code="7">0</subfield>
    <subfield code="a">L</subfield>
    <subfield code="b">L</subfield>
    <subfield code="d">2015-09-07</subfield>
    <subfield code="e">Cen Lib/Ret</subfield>
    <subfield code="g">200.00</subfield>
    <subfield code="l">1</subfield>
    <subfield code="o">920 &#x935;&#x93F;&#x926;&#x94D;&#x92F;&#x93E;</subfield>
    <subfield code="p">B-158107</subfield>
    <subfield code="r">2023-09-26 00:00:00</subfield>
    <subfield code="s">2023-09-14</subfield>
    <subfield code="t">1</subfield>
    <subfield code="v">200.00</subfield>
    <subfield code="w">2015-09-07</subfield>
    <subfield code="y">HN</subfield>
  </datafield>
  <datafield tag="952" ind1=" " ind2=" ">
    <subfield code="0">0</subfield>
    <subfield code="1">0</subfield>
    <subfield code="2">ddc</subfield>
    <subfield code="4">0</subfield>
    <subfield code="7">0</subfield>
    <subfield code="a">L</subfield>
    <subfield code="b">L</subfield>
    <subfield code="d">2016-10-25</subfield>
    <subfield code="e">Cen Lib/Ret</subfield>
    <subfield code="g">200.00</subfield>
    <subfield code="l">0</subfield>
    <subfield code="o">920 &#x935;&#x93F;&#x926;&#x94D;&#x92F;&#x93E;</subfield>
    <subfield code="p">B-091635</subfield>
    <subfield code="r">2016-10-25 00:00:00</subfield>
    <subfield code="t">2</subfield>
    <subfield code="v">200.00</subfield>
    <subfield code="w">2016-10-25</subfield>
    <subfield code="y">HN</subfield>
  </datafield>
  <datafield tag="952" ind1=" " ind2=" ">
    <subfield code="0">0</subfield>
    <subfield code="1">0</subfield>
    <subfield code="2">ddc</subfield>
    <subfield code="4">0</subfield>
    <subfield code="7">0</subfield>
    <subfield code="a">L</subfield>
    <subfield code="b">L</subfield>
    <subfield code="d">2016-10-25</subfield>
    <subfield code="e">Cen Lib/Ret</subfield>
    <subfield code="g">200.00</subfield>
    <subfield code="l">0</subfield>
    <subfield code="o">920 &#x935;&#x93F;&#x926;&#x94D;&#x92F;&#x93E;</subfield>
    <subfield code="p">B-050983</subfield>
    <subfield code="r">2016-10-25 00:00:00</subfield>
    <subfield code="t">3</subfield>
    <subfield code="v">200.00</subfield>
    <subfield code="w">2016-10-25</subfield>
    <subfield code="y">HN</subfield>
  </datafield>
</record>
